000
00277nam a22001217a 4500
008
180831b xxu||||| |||| 00| 0 eng d
041
_a
eng
080
_a
621
100
_a
26
101
_a
MEK
245
_a
Microwave Antenna Theory and Design
_c
Ridenour,L.N
942
_2
udc
_c
BK
999
_c
47422
_d
47422